000 02668nam a22003615a 4500
999 _c22113
_d22085
003 EG-ScBUE
005 20210308092825.0
008 160804r20132010enka f b 001 0 eng d
020 _a0521136059
020 _a9780521136051
040 _aEG-ScBUE
_beng
_erda
_cEG-ScBUE
_dEG-ScBUE
082 0 4 _a820.9145
_bCAM
_222
245 0 4 _aThe Cambridge companion to British romanticism /
_cedited by Stuart Curran.
250 _aReprinted edition.
264 1 _aCambridge :
_bCambridge University Press,
_c2013.
300 _axxix, 288 pages :
_billustrations ;
_c23 cm.
336 _2rdacontent
_atext
_btxt
337 _2rdamedia
_aunmediated
_bn
338 _2rdacarrier
_avolume
_bnc
490 0 _aCambridge companion to literature
500 _aReprint of the 2010 ed.
504 _aIncludes bibliographical references and index.
505 _aRomanticism and the "schools" of criticism and theory / Jerrold E. Hogle -- Romanticism and Enlightenment / Marshall Brown -- Poetry in an age of revolution / P.M.S. Dawson -- German Romantic Idealism / Peter Thorslev -- Romanticism and language / William Keach -- Culture's medium : the role of the Review / Marilyn Butler -- Publishing and the provinces in Romantic-era Britain / Stephen C. Behrendt -- Women readers, women writers / Stuart Curran -- Romantic fiction / Gary Kelly -- Romantic poetry : why and wherefore? / Stuart Curran -- The sister arts in British Romanticism / Morris Eaves.
520 _a"This new edition of The Cambridge Companion to British Romanticism has been fully revised and updated and includes two wholly new essays, one on recent developments in the field, and one on the rapidly expanding publishing industry of this period. It also features a comprehensive chronology and a fully up-to-date guide to further reading. For the past decade and more the Companion has been a much-admired and widely-used account of the phenomenon of British Romanticism that has inspired students to look at Romantic literature from a variety of critical angles and approaches. In this new incarnation, the volume will continue to be a standard guide for students of Romantic literature and its contexts"
650 7 _aRomanticism
_zGreat Britain
_vHandbooks, manuals, etc.
_2BUEsh
_940647
650 7 _940648
_aEnglish literature
_y18th century
_xHistory and criticism
_vHandbooks, manuals, etc.
_2BUEsh
650 7 _940649
_aEnglish literature
_y19th century
_xHistory and criticism
_vHandbooks, manuals, etc.
_2BUEsh
651 _2BUEsh
653 _cAugust 2016
_bHHUUEENN
655 _vReading book
_934232
700 1 _940646
_aCurran, Stuart‏
_eeditor.
942 _2ddc
_e22
_k820.9145 CAM
_cBB